000 00717nam a2200205 i 4500
001 38158
003 ES-MaACL
005 20240312170633.0
007 t|
008 030224s1880 ag d |||| | spa d
100 1 _aCalandrelli, Matias.
_933530
245 1 0 _aDiccionario filológico-comparado de la lengua castellana /
_cpor Matias Calandrelli ; precedido de una introducción de Vicente López.
260 _aBuenos Aires :
_b[s.n.],
_c1880 (
_fImp. Obras Clásicas)
300 _a2 v. ;
_c29 cm.
505 8 _aContiene: v. 1 y v. 6
650 0 7 _aLengua española-
_xEtimología-
_vDiccionarios
_2
_9162364
700 1 _aLópez, Vicente Fidel.
_973378
852 _aES-MaACL
_jB-11261-62
999 _c38158
_d38158